01427nam a2200337 a 4500001001000000003000500010005001700015008004100032010001100073011001100084040000900095090001000104100004500114245014000159260004100299500006000340502008200400590004000482590004000522650002800562650004000590650003200630650003900662856007000701901000700771942001000778942000600788999001900794952013600813952014000949000112994CHAP20220329144332.0170310s2016 mx sm |||||||spa d a109455 a110427 cCHAP aTesis1 aVázquez Severino, Rosi Nereida913170710aRehabilitación ecológica en el Ejido la Florida, Municipio de Cardonal, Hidalgoh[En línea]cpor Rosi Nereida Vázquez Severino. aChapingo, Méx. :bEl autor,c2016. aPara ver el contenido del material haga clic en la liga aTesis (Ing. en Recursos Naturales Renovables) -- UACH. Departamento de Suelos aE5765TAJb05c20170310lUCH01h0841 aE5765TAJb05c20170310lUCH01h084114aEjidosxHidalgo.93601714aRestauración ecológica.912515714aSuelosxAnálisis.911020414aUso de la tierrazHidalgo.9131708 aFinding aiduhttp://10.13.5.2/tesis/sist112994.pdfzTeclea aquí aBK cTESIS n0 c109455d109455 00104054718TESISaBCbBCd2017-03-10fTESISl0oTesisp33724002530884r2019-12-31 00:00:00w2019-12-31yTESISzRecien adquirido 00102local4053708TESISaBCbBCcPA_TESISd2017-03-10fTESISl0oTesisp33724002530926r2019-12-31 00:00:00tc.2w2019-12-31yTESIS